| Tag |
First Indicator |
Second Indicator |
Subfields |
| LEADER |
00000nam a2200000 a 4500 |
| 001 |
in00004681521 |
| 006 |
m o d |
| 007 |
cr un||||||||| |
| 008 |
120711s1989 dcuab ob i000 0 eng d |
| 005 |
20260214205402.4 |
| 020 |
|
|
|a 9781118666302
|q (electronic bk.)
|
| 020 |
|
|
|a 1118666305
|q (electronic bk.)
|
| 020 |
|
|
|z 087590453X
|
| 020 |
|
|
|z 9780875904535
|
| 035 |
|
|
|a wil6007436
|
| 035 |
|
|
|a (NhCcYBP)wil6007436
|
| 040 |
|
|
|a NhCcYBP
|b eng
|c NhCcYBP
|
| 042 |
|
|
|a dlr
|
| 050 |
|
4 |
|a QE604
|b .S57 1989
|
| 082 |
0 |
4 |
|a 551.8
|2 19
|
| 084 |
|
|
|a RB 10121
|2 rvk
|
| 245 |
0 |
0 |
|a Slow deformation and transmission of stress in the earth /
|c Steven C. Cohen, Petr Vaníček, editors.
|
| 260 |
|
|
|a Washington, DC :
|b American Geophysical Union :
|b International Union of Geodesy and Geophysics,
|c ©1989.
|
| 300 |
|
|
|a 1 online resource (xiii, 138 pages) :
|b illustrations, maps
|
| 336 |
|
|
|a text
|b txt
|2 rdacontent
|
| 337 |
|
|
|a computer
|b c
|2 rdamedia
|
| 338 |
|
|
|a online resource
|b cr
|2 rdacarrier
|
| 490 |
1 |
|
|a Geophysical monograph ;
|v 49
|
| 490 |
1 |
|
|a IUGG ;
|v v. 4
|
| 500 |
|
|
|a Based on a symposium of the same name at the XIXth General Assembly Meeting of the International Union of Geodesy and Geophysics held on the campus of the University of British Columbia in Vancouver, Canada on August 15th and 17th 1987.
|
| 504 |
|
|
|a Includes bibliographical references.
|
| 588 |
0 |
|
|a Print version record.
|
| 533 |
|
|
|a Electronic reproduction.
|b [Place of publication not identified] :
|c HathiTrust Digital Library,
|d 2010.
|5 MiAaHDL
|
| 538 |
|
|
|a Master and use copy. Digital master created according to Benchmark for Faithful Digital Reproductions of Monographs and Serials, Version 1. Digital Library Federation, December 2002.
|u http://purl.oclc.org/DLF/benchrepro0212
|5 MiAaHDL
|
| 583 |
1 |
|
|a digitized
|c 2010
|h HathiTrust Digital Library
|l committed to preserve
|2 pda
|5 MiAaHDL
|
| 650 |
|
0 |
|a Rock deformation.
|
| 650 |
|
0 |
|a Plate tectonics.
|
| 655 |
|
4 |
|a Electronic books.
|
| 700 |
1 |
|
|a Cohen, S. C.
|q (Steven C.)
|
| 700 |
1 |
|
|a Vaníček, Petr,
|d 1935-
|
| 710 |
2 |
|
|a International Union of Geodesy and Geophysics.
|
| 710 |
2 |
|
|a American Geophysical Union.
|
| 710 |
2 |
|
|a International Union of Geodesy and Geophysics.
|b General Assembly
|n (19th :
|d 1987 :
|c Vancouver, B.C.)
|
| 776 |
0 |
8 |
|i Print version:
|z 9780875904535
|
| 830 |
|
0 |
|a Geophysical monograph ;
|v 49.
|
| 830 |
|
0 |
|a IUGG (Series) ;
|v v. 4.
|
| 856 |
4 |
0 |
|u http://proxy.library.tamu.edu/login?url=https://onlinelibrary.wiley.com/book/10.1029/GM049
|z Connect to the full text of this electronic book
|t 0
|
| 955 |
|
|
|a Wiley EBA record
|
| 975 |
|
|
|p Wiley UBCM Full Collection 2026
|
| 999 |
f |
f |
|s 8309db95-0888-4d5b-bd99-7219604e6a8b
|i 6937e39e-eb8e-4323-8132-3911e7d6d071
|t 0
|
| 952 |
f |
f |
|a Texas A&M University
|b College Station
|c Electronic Resources
|s evans_pda
|d Available Online
|t 0
|e QE604 .S57 1989
|h Library of Congress classification
|
| 998 |
f |
f |
|a QE604 .S57 1989
|t 0
|l Available Online
|